• 首页
  • 本馆介绍
  • 公告通知
  • 最新文献
  • 馆藏检索
  • 电子资源
  • 读者导购
  • 参考咨询
  • 我的图书馆
  • 登录
  • 详细信息显示
  • 放入我的书架
  • 预约/预借图书
  • 作者相关作品
  • 分类相关作品
  • 丛书相关作品
  • 出版社相关作品

书目信息

  • 表格格式
  • 工作单格式
  • 卡片格式
题名:
实用髋关节外科学
    
 
作者: 陈伟高 主编
分册:  
出版信息: 南昌   江西科学技术出版社  2000.10
页数: 440页
开本: 26cm
丛书名:
单 册:
中图分类: R681.6
科图分类:
主题词: 髋关节--外科学
电子资源:
ISBN: 7-5390-1815-1
000 00873nam0 2200253 450
001 0104000024
005 20060515115123.1
010    @a7-5390-1815-1@b精装@dCNY75.00
100    @a20081201d2000 ekmy0chiy0120 ea
101 0  @achi
102    @aCN@b360000
105    @ay z 000yy
106    @ar
200 1  @a实用髋关节外科学@AShi Yong Kuan Guan Jie Wai Ke Xue@f陈伟高主编@FChen Wei Gao Zhu Bian
210    @a南昌@c江西科学技术出版社@d2000.10
215    @a440页@d26cm
314    @a陈伟高(1952~),江西南昌人,江西医学院第二附属医院院长。主编有《实用髋关节外科学》等。
330    @a本书共分3篇,主要介绍了髋部损伤与疾病、髋关节手术学等内容,讲述了基础理论、各种检查技术和治疗方法。
606 0  @a髋关节@x外科学
690    @aR681.6@v4
701  0 @a陈伟高@AChen Wei Gao@4主编
801  0 @aCN@bHTDF@c20081201
905    @aBZT@dR681.6@e2@f10
906    @dCNY75.00@n0@r1
    
    实用髋关节外科学/陈伟高主编.-南昌:江西科学技术出版社,2000.10
    440页;26cm
    
    
    ISBN 7-5390-1815-1(精装):CNY75.00
    本书共分3篇,主要介绍了髋部损伤与疾病、髋关节手术学等内容,讲述了基础理论、各种检查技术和治疗方法。
●
相关链接 在五车中查询图书 在当当中查询图书 在豆瓣中查询图书


正题名:实用髋关节外科学     索取号:R681.6/2         预约/预借

序号 登录号 条形码 馆藏地/架位号 状态 备注
1 699862   2000699862   中心书库中库/ 中库011架B面7列5层7/ [索取号:R681.6/2] 在馆    
2 699863   2000699863   中心书库中库/ 中库011架B面7列5层9/ [索取号:R681.6/2] 在馆    
3 699864   2000699864   中心书库中库/ 中库011架B面7列5层2/ [索取号:R681.6/2] 在馆    
4 699865   2000699865   中心书库中库/ 中库011架B面7列5层1/ [索取号:R681.6/2] 在馆    
5 699866   2000699866   中心书库中库/ 中库011架B面7列5层5/ [索取号:R681.6/2] 在馆    
6 699867   2000699867   中心书库中库/ 中库011架B面7列5层3/ [索取号:R681.6/2] 在馆    
7 699868   2000699868   中心书库中库/ 中库011架B面7列5层10/ [索取号:R681.6/2] 在馆    
8 699869   2000699869   中心书库中库/ 中库011架B面7列5层4/ [索取号:R681.6/2] 在馆    
9 699870   2000699870   中心书库中库/ 中库011架B面7列5层8/ [索取号:R681.6/2] 在馆    
10 699871   2000699871   中心书库中库/ 中库011架B面7列5层6/ [索取号:R681.6/2] 在馆    
山东省滨州职业学院图书馆 欢迎您!
大连网信软件有限公司© 版权所有